Countries with the most people of British descent - Statistics

General Stats
  • This quiz has been taken 112 times
  • The average score is 11 of 15
Answer Stats
Answer % Correct
3 Australia
100%
2 Canada
100%
4 New Zealand
100%
1 USA
99%
9 Ireland
96%
8 Spain
96%
7 France
95%
12 Germany
92%
5 South Africa
90%
10 Argentina
66%
6 Chile
57%
11 UAE
38%
15 Thailand
32%
13 Pakistan
30%
14 Cyprus
22%
No matching quizzes found
Score Distribution
Percent of People with Each Score
Percentile by Number Answered
Your Score History
You have not taken this quiz